| 000 | 00581nam a22001817a 4500 | ||
|---|---|---|---|
| 999 |
_c21308 _d21308 |
||
| 003 | AR-CdUCM | ||
| 008 | 190327b ||||| |||| 00| 0 spa d | ||
| 040 |
_aMUNICIPALIDAD PROVINCIAL DEL CUSCO _cBIBLIOTECA MUNICIPAL DEL CUSCO |
||
| 082 |
_aEP/869/T10 _bT10 |
||
| 100 |
_aTapara Puma, Arthur Diógenes _944473 |
||
| 245 | _aValerio la lucha por volver / | ||
| 260 |
_aCusco ; _bGráfica ideas, _c2017. |
||
| 300 |
_a25 Páginas. : _bilustraciones ; _c21 cm. |
||
| 650 |
_aLiteratura infantil _9588 |
||
| 650 |
_aLiteratura cusqueña _944461 |
||
| 942 |
_2ddc _cLIBROS |
||
| 945 | _aRoel | ||